000
00381nam a2200133Ia 4500
008
151001s9999||||xx |||||||||||||| ||und||
100
_a
हरी नारायण आपटे
245
_a
वैभवाच्या कोंदणात
250
_a
2
260
_b
हिंदुस्थान साहित्य
260
_c
1961
300
_a
264
365
_b
18
999
_c
958646
_d
958643